| 000 | 00575cam a2200229I 4500 | ||
|---|---|---|---|
| 999 |
_c7952 _d7952 |
||
| 003 | BD-JhCC | ||
| 005 | 20180417123157.0 | ||
| 008 | 791206s1958 enk 000 0 eng d | ||
| 035 | _aocm05769638 | ||
| 035 | _a(BD-JhCC) | ||
| 040 |
_aSUC _cSUC _dCUD |
||
| 041 | _aeng | ||
| 050 |
_aB1649.R93 _bU5 |
||
| 082 |
_a192 _bRUS 1958 |
||
| 100 | 1 |
_aRussell, Bertrand, _d1872-1970 |
|
| 245 | 1 | 0 |
_aUnpopular essays / _cBertrand Russell, |
| 260 |
_aLondon, _bAllen and Unwin _c[1951] |
||
| 300 |
_a223 p. _c19 cm. |
||
| 650 | _aPhilosophy | ||
| 942 |
_2ddc _cBK |
||